000 00464nam a2200181Ia 4500
005 20250317131031.0
008 008 250317s9999 xx 000 0 eng d
037 _aTextbook
040 _aFMSL
_beng
_cFMSL
041 _aeng
_2eng
084 _qFMSL
100 _aMisra G K
_9739071
245 0 _aResettlement polices in Delhi
260 _aI.I.P.A
_bI.I.P.A
_c1981
300 _a293p
942 _cTB
999 _c1266383
_d1266383